00211nam a2200097Ia 4500008004100000041000800041082001400049100000900063245002100072260002000093231212s1976 xx 000 0 und d aeng a621.38173 aGrob aBasic Electronis aNew Delhic1976